| 000 | 00587nmm a2200241 a 4500 | ||
|---|---|---|---|
| 003 | AR-BaBNM | ||
| 005 | 20251128211219.0 | ||
| 008 | 133020s2002 ||||||||||||||000 | spa|| | ||
| 020 | _a987-02-0004-4 | ||
| 040 | _cAR-BaBNM | ||
| 100 | 1 | _aGandini Orcaizaguirre, Ricardo Daniel de | |
| 245 | 1 | 0 | _aLos Orcazaguirre-Orcaizaguirre |
| 250 | _a1ยช ed. | ||
| 260 |
_aBuenos Aires _bDunken _c2002 |
||
| 300 | _a63 p. | ||
| 650 | 4 | _aFAMILIA | |
| 650 | 4 | _aHISTORIA SOCIAL | |
| 650 | 4 | _aGENEALOGIA | |
| 651 | 4 | _aArgentina | |
| 653 | _aVIDA PRIVADA | ||
| 942 | _cBK | ||
| 998 | _cMariana | ||
| 999 |
_c18744 _d18744 |
||